000 00701nam a22002051a 4500
005 20110718133545.0
008 091005s1999 001 0 eng d
020 _a9966407650 :
_c0.00
040 _aNEGST Library - Kenya
050 4 _aBS 325.K54 1999
082 0 _aBS 325.K54 1999
100 1 _aSociete Biblique du Congo.
245 1 0 _aIkihango Kihyahya : imyazi miija mu'Kifu.
260 _aKinshasa :
_bSociete Biblique du Cong,
_c1999.
300 _a648 p. : ill., m.
500 _a"Le Nouveau Testament en Kifuliiru." - T.p. verso. [Africana]
600 1 0 _aBible. N.T. Kifuliiru. 1999.
600 1 0 _aKifuliiru language - Texts.
852 _94.00
999 _c41569
_d41569